| 000 | 00829nam a2200229 i 4500 | ||
|---|---|---|---|
| 001 | 115846 | ||
| 003 | ES-MaACL | ||
| 005 | 20250901062535.0 | ||
| 007 | t| | ||
| 008 | 061121s1959 sp r ||||1| spa d | ||
| 100 | 1 |
_aOrmesson, Wladimir d'. _987299 |
|
| 245 | 1 | 0 |
_aVicarios de Cristo _b: (El papado) / _cWladimir d'Ormesson ; versión española de Federico Revilla. |
| 260 |
_aAndorra : _bCasal i Vall, _c1959. |
||
| 300 |
_a158 p. ; _c19 cm. |
||
| 490 | 1 |
_aYo sé yo creo : enciclopedia del católico del siglo XX ; _vNº 80 |
|
| 650 | 0 | 4 |
_aPapas- _xHistoria. _915819 |
| 700 | 1 |
_aRevilla, Federico. _996429 |
|
| 830 | 0 | 0 |
_aYo sé, yo creo: enciclopedia del católico del siglo XX _vNº 80 _9186579 |
| 852 |
_aES-MaACL _jC-16297 _bR.44206 |
||
| 852 |
_aES-MaACL _jC-17770 _bR.45373 |
||
| 999 |
_c115846 _d115846 |
||